Statystyki dla Ojcze Nasz

Kliknij tutaj aby rozwiązać quiz!

Ogólne statystyki

  • Ten quiz został rozwiązany 1 961 razy
  • Średni wynik to 54 z 62

Statystyki odpowiedzi

Słowo% Poprawnych
na
99%
na
99%
na
99%
i
98%
I
98%
i
98%
i
98%
i
98%
i
98%
jest
98%
jest
98%
nas
98%
nas
98%
nasz,
98%
nie
98%
niebie
98%
niebie,
98%
w
98%
w
98%
Ojcze
97%
święć
96%
Twoje
96%
Twoje;
96%
Twoje;
96%
któryś
95%
bądź
94%
imię
94%
królestwo
93%
królestwo
93%
wola
93%
ziemi.
93%
jako
92%
jako
92%
Twoja,
92%
tak
91%
Chleba
89%
nam
89%
nam
89%
przyjdź
89%
my
88%
nasze
88%
daj
87%
dzisiaj
85%
naszego
85%
się
84%
odpuść
82%
odpuszczamy
81%
powszedniego
81%
winy,
80%
naszym
79%
pokuszenie,
77%
ale
75%
winowajcom.
75%
zbaw
74%
Amen.
71%
złego.
71%
ode
70%
wódź
70%
wieki.]
47%
chwała
43%
[Bo
42%
potęga,
38%

Rozkład punktacji

Percentyl według liczby udzielonych odpowiedzi

Procent ludzi z każdym wynikiem

Twoja historia wyników

Nie rozwiązałeś tego quizu